000 00981cam a22002655a 4500
005 20160216110528.0
008 160216s2014 enkb frb 001 0 eng d
020 _a9780415756006
040 _aEG-ScBUE
_beng
_cEG-ScBUE
043 _ae-uk---
_aa-mk---
082 0 4 _222
_a337.4105353
_bBHA
100 1 _aBhacker, M. Reda.
_939364
_d1955-
_q(Mohamed Reda),
245 1 0 _aTrade and empire in Muscat and Zanzibar :
_broots of British domination /
_cM. Reda Bhacker.
260 _aOxfordshire ;
_aNew York :
_bRoutledge / Taylor & Francis Group,
_c2014.
300 _axxix, 278 p. :
_bmaps ;
_c24 cm.
490 0 _aExeter Arabic and Islamic series.
500 _aIndex : p. 270-278.
504 _aBibliography : p. [247]-269.
650 _2BUEsh
651 0 _2BUEsh
_aOman
_xCommerce
_xHistory
651 0 _aOman
_xForeign economic relations
_zGreat Britain
_2BUEsh
651 0 _aGreat Britain
_xForeign economic relations
_zOman
_2BUEsh
653 _bBUSBOL
_cFebruary2016
942 _2ddc
999 _c21162
_d21134